| 000 | 00462nam a22001697a 4500 | ||
|---|---|---|---|
| 003 | NUST - PNEC | ||
| 005 | 20170116181016.0 | ||
| 008 | 150908b xxu||||| |||| 00| 0 eng d | ||
| 020 | _a- | ||
| 040 | _cLIBRARY | ||
| 082 | _a621.381044 SON | ||
| 100 |
_99058 _aSonde, B. S. |
||
| 245 |
_aMonographs on solid state electronic instrumentation: vol 3 Data converters _bB. S. Sonde |
||
| 260 | _cc.1979 | ||
| 650 |
_910449 _aData Converters _xME |
||
| 942 |
_2ddc _cBK |
||
| 999 |
_c67257 _d67257 |
||